01814 a2200205 45000010003000000050017000030080041000200030015000610400040000760800047001162450027001630200022001902500012002122640034002243000019002585051183002770410008014601000022014688560118014903820260407155404.0260407a2004 arg spa dAR-UNSa-BCEJYS aAR-UNSa-BCEJYSbspacAR-UNSa-BCEJYS a347.440xTipos de contratos (Fideicomisos)10aTratado de fideicomiso a978-950-14-1942-9 a2a. ed. 1aBuenos Aires :bDepalmac2004 a832 p.c22 cm. a1. Los negocios fiduciarios y el fideicomiso - 2. El dominio fiduciario - 3. Modos de adquisición del dominio fiduciario. Cuestiones registrales que plantea el dominio fiduciario - 4. Extinción del dominio fiduciario - 5. El patrimonio fiduciario - 6. El contrato de fideicomiso. Antecedentes de la Ley 24.441 (Título I: "Del fideicomiso"). Fuentes Latinoamericanas. Análisis del fideicomiso como contrato - 7. Facultades y obligaciones del dueño fiduciario - 8. Responsabilidad del fiduciario por incumplimiento de las obligaciones impuestas por el fideicomiso - 9. El fiduciante, el beneficiario y el fideicomisario. El comité técnico y la asamblea de beneficiarios - 10. La insuficiencia del patrimonio fideicomitido y su liquidación. El fideicomiso frente al concurso y la quiebra. El fideicomiso y la reestructuración de bancos (art. 35 bis, LEF) - 11. Fideicomiso de garantía - 12. Fideicomiso testamentario - 13. Fideicomiso público. El estado como fideicomitente - 14. Titulización - 15. Fideicomiso financiero. Fideicomiso ordinario público. Fondos de inversión directa. Reglamentación de la CNV - 16. Régimen tributario del fideicomiso  aspa1 aKiper, Claudio M.41uhttps://biblioeco.unsa.edu.ar/pmb/images/libros/Tratado de fideicomiso-l116463.jpgyImagen de portadaqimage/jpeg